| 000 | 01600nas a2200313 c 4500 | ||
|---|---|---|---|
| 003 | BLK | ||
| 005 | 20250726120356.0 | ||
| 008 | 180413b bul |a|er|||| |0| c|bulo| | ||
| 010 | _aPRD00002366000 | ||
| 022 | _a1791-4256 | ||
| 040 | _aBLK | ||
| 041 |
_aBUL _cBUL |
||
| 080 |
_aСписания и периодични издания с общ характер - Списания с общ характер. Продължаващи издания с общонаучно и общотехническо съдържание. Годишници. Адресни книги. Календари. Алманаси. Вж и 07 _b05 _x(092) _z05(092) |
||
| 080 |
_aБиографии _b929 _x _z929 |
||
| 110 | 1 |
_aДе Агустини Хелас _eРед. Ралица Панайотова _9357168 |
|
| 139 | _bС 77 | ||
| 245 | 1 | 0 |
_a100 ЛИЧНОСТИ _bХората, променили света _cДе Агустини Хелас ; Ред. Ралица Панайотова _fНачална год. на издаване: 2008, № 1, _nот тяло:1 до тяло:100 |
| 257 | _aGRE | ||
| 260 |
_аАтина _bДе Агостини Хелас _c2008 _fHaidemenos S. A. |
||
| 300 | _c29 | ||
| 310 |
_апериодичност: 0 _cдепозит за: 2010 _dдни, в които се получава: 0000000 _eсрок за съхранение: 99 |
||
| 380 | _a0 | ||
| 852 | _aБ 1846 | ||
| 856 |
_qpdf _u |
||
| 856 |
_qpdf _u |
||
| 942 |
_cCPU _n0 _s1 _011 |
||
| 944 |
_aCR _cМария_Кръстева _k30552 _lВиолета Тройчева |
||
| 944 |
_aED _c _k28.08.2013 |
||
| 999 |
_c290244 _d290244 |
||